Alternativentwurf eines Gesetzes über Sterbehilfe: (AE-Sterbehilfe) : Entwurf eines Arbeitskreises von Professoren des Strafrechts und der Medizin sowie ihrer Mitarbeiter
| Authors: | ; ; |
|---|---|
| Format: | Print Book |
| Language: | German |
| Published: |
Stuttgart New York
Georg Thieme Verlag
1986
|
| In: | Year: 1986 |
| Online Access: |
Table of Contents Table of Contents |
| Availability in Tübingen: | Present in Tübingen. IFK: G VI 124 |
| Check availability: | HBZ Gateway |
| Subito Delivery Service: | Order now. |
| Keywords: |
MARC
| LEADER | 00000cam a2200000 c 4500 | ||
|---|---|---|---|
| 001 | 273278789 | ||
| 003 | DE-627 | ||
| 005 | 20260206203544.0 | ||
| 007 | tu | ||
| 008 | 860924s1986 gw ||||| 00| ||ger c | ||
| 015 | |a 86,N24,0098 |2 dnb | ||
| 015 | |a 86,N24,0098 |2 dnb | ||
| 016 | 7 | |a 860564452 |2 DE-101 | |
| 020 | |a 3136882016 |9 3-13-688201-6 | ||
| 035 | |a (DE-627)273278789 | ||
| 035 | |a (DE-603)004864948 | ||
| 035 | |a (DE-576)012102741 | ||
| 035 | |a (DE-599)GBV273278789 | ||
| 035 | |a (OCoLC)19923459 | ||
| 035 | |a (OCoLC)230833848 | ||
| 035 | |a (OCoLC)230833848 | ||
| 035 | |a (OCoLC)19923459 | ||
| 035 | |a (DE-604)8005326265 | ||
| 040 | |a DE-627 |b ger |c DE-627 |e rda | ||
| 041 | |a ger | ||
| 044 | |c XA-DE-BW |c XD-US | ||
| 050 | 0 | |a KK8364 | |
| 084 | |a 19 |2 sdnb | ||
| 084 | |a 19 |a 33 |2 sdnb | ||
| 084 | |a PH 3850 |2 rvk |0 (DE-625)rvk/136088: | ||
| 084 | |a PH 2450 |2 rvk |0 (DE-625)rvk/135999: | ||
| 084 | |a PJ 2300 |2 rvk |0 (DE-625)rvk/136656: | ||
| 084 | |a XF 1400 |2 rvk |0 (DE-625)rvk/152747:12905 | ||
| 084 | |a BK 6130 |2 rvk |0 (DE-625)rvk/11927: | ||
| 245 | 0 | 0 | |a Alternativentwurf eines Gesetzes über Sterbehilfe |b (AE-Sterbehilfe) : Entwurf eines Arbeitskreises von Professoren des Strafrechts und der Medizin sowie ihrer Mitarbeiter |c vorgelegt von Prof. Dr. jur. Jürgen Baumann (Tübingen), Prof. Dr. med. Hans Joachim Bochnik (Frankfurt), Prof. Dr. jur. Anne-Eva Brauneck (Gießen) [und 19 weiteren] |
| 246 | 3 | 3 | |a AE-Sterbehilfe |
| 264 | 1 | |a Stuttgart |a New York |b Georg Thieme Verlag |c 1986 | |
| 300 | |a VI, 60 Seiten | ||
| 336 | |a Text |b txt |2 rdacontent | ||
| 337 | |a ohne Hilfsmittel zu benutzen |b n |2 rdamedia | ||
| 338 | |a Band |b nc |2 rdacarrier | ||
| 500 | |a Hier auch später erschienene, unveränderte Nachdrucke | ||
| 500 | |a Literaturverzeichnis: Seite 58-60 | ||
| 583 | 1 | |a Archivierung/Langzeitarchivierung gewährleistet |f PEBW |x XA-DE-BW |2 pdager |5 DE-24 | |
| 650 | 0 | |a Euthanasia |x Law and legislation | |
| 650 | 0 | |a Ethics, Medical | |
| 650 | 0 | 7 | |0 (DE-588)4077877-0 |0 (DE-627)10440051X |0 (DE-576)209206535 |a Sterbehilfe |2 gnd |
| 650 | 0 | 7 | |0 (DE-588)4048737-4 |0 (DE-627)106189719 |0 (DE-576)20907907X |a Recht |2 gnd |
| 653 | 0 | |a Euthanasia |a Law and legislation |a Germany (West) | |
| 655 | 7 | |a Quelle |0 (DE-588)4135952-5 |0 (DE-627)105661236 |0 (DE-576)209665084 |2 gnd-content | |
| 689 | 0 | 0 | |d s |0 (DE-588)4077877-0 |0 (DE-627)10440051X |0 (DE-576)209206535 |a Sterbehilfe |2 gnd |
| 689 | 0 | |5 DE-101 | |
| 689 | 1 | 0 | |d g |0 (DE-588)4011889-7 |0 (DE-627)104732423 |0 (DE-576)208896201 |a Deutschland |g Bundesrepublik |2 gnd |
| 689 | 1 | 1 | |d s |0 (DE-588)4077877-0 |0 (DE-627)10440051X |0 (DE-576)209206535 |a Sterbehilfe |2 gnd |
| 689 | 1 | 2 | |d s |0 (DE-588)4157094-7 |0 (DE-627)105503517 |0 (DE-576)209831758 |a Gesetzentwurf |2 gnd |
| 689 | 1 | |5 (DE-627) | |
| 689 | 2 | 0 | |d s |0 (DE-588)4077877-0 |0 (DE-627)10440051X |0 (DE-576)209206535 |a Sterbehilfe |2 gnd |
| 689 | 2 | 1 | |d s |0 (DE-588)4157094-7 |0 (DE-627)105503517 |0 (DE-576)209831758 |a Gesetzentwurf |2 gnd |
| 689 | 2 | |5 (DE-627) | |
| 700 | 1 | |a Baumann, Jürgen |d 1922-2003 |e VerfasserIn |0 (DE-588)118507508 |0 (DE-627)079311601 |0 (DE-576)208858113 |4 aut | |
| 700 | 1 | |a Bochnik, Hans Joachim |e VerfasserIn |4 aut | |
| 700 | 1 | |a Brauneck, Anne-Eva |e VerfasserIn |4 aut | |
| 856 | 4 | 2 | |u https://swbplus.bsz-bw.de/bsz012102741inh.htm |m V:DE-576 |v 2008-08-14 |3 Inhaltsverzeichnis |7 1 |
| 856 | 4 | 2 | |u http://scans.hebis.de/HEBCGI/show.pl?00486494_toc.pdf |m V:DE-576 |q application/pdf |3 Inhaltsverzeichnis |7 1 |
| 889 | |w (DE-627)024878839 | ||
| 935 | |i mdedup | ||
| 935 | |i Blocktest | ||
| 936 | r | v | |a PH 3850 |b Tötung auf Verlangen, Selbstmord, Sterbehilfe, Euthanasie |k Rechtswissenschaft |k Strafrecht, Strafverfahrensrecht, Kriminologie |k Strafrecht |k Straftaten gegen die Person |k Tötung auf Verlangen, Selbstmord, Sterbehilfe, Euthanasie |0 (DE-627)1272129691 |0 (DE-625)rvk/136088: |0 (DE-576)202129691 |
| 936 | r | v | |a PH 2450 |b Einzeldarstellungen |k Rechtswissenschaft |k Strafrecht, Strafverfahrensrecht, Kriminologie |k Allgemeines und Geschichte |k Geschichte |k Einzeldarstellungen |0 (DE-627)1272629996 |0 (DE-625)rvk/135999: |0 (DE-576)202629996 |
| 936 | r | v | |a PJ 2300 |b Selbstmord, Sterbehilfe (Euthanasie), Recht auf Leben |k Rechtswissenschaft |k Medizinrecht (Biorecht, Recht des Gesundheitswesens, Arzneimittel- und Medizinproduktrecht, Medizinstrafrecht, Apothekenrecht) |k Ethisch-rechtliche Fragen zum Medizin- und Biorecht |k Selbstmord, Sterbehilfe (Euthanasie), Recht auf Leben |0 (DE-627)1448227763 |0 (DE-625)rvk/136656: |0 (DE-576)378227769 |
| 936 | r | v | |a XF 1400 |b Allgemeines |k Medizin |k Öffentliches Gesundheitswesen |k Approbationsordnung |k Allgemeines |0 (DE-627)1271685027 |0 (DE-625)rvk/152747:12905 |0 (DE-576)201685027 |
| 936 | r | v | |a BK 6130 |b Angriff auf das Leben (Mord, Selbstmord, Euthanasie) |k Theologie und Religionswissenschaften |k Theologische Ethik/Moraltheologie |k Spezielle Moraltheologie/Spezielle Ethik |k Verantwortung für Leib und Leben |k Angriff auf das Leben (Mord, Selbstmord, Euthanasie) |0 (DE-627)127070916X |0 (DE-625)rvk/11927: |0 (DE-576)20070916X |
| 936 | s | n | |a b100 |2 mzub |
| 936 | s | n | |a w200 |2 mzub |
| 936 | s | n | |a p100 |2 mzub |
| 951 | |a BO | ||
| ELC | |b 1 | ||
| LOK | |0 000 xxxxxcx a22 zn 4500 | ||
| LOK | |0 001 3241040534 | ||
| LOK | |0 003 DE-627 | ||
| LOK | |0 004 273278789 | ||
| LOK | |0 005 20020607000000 | ||
| LOK | |0 008 930617||||||||||||||||ger||||||| | ||
| LOK | |0 040 |a DE-21-110 |c DE-627 |d DE-21-110 | ||
| LOK | |0 852 |a DE-21-110 | ||
| LOK | |0 852 1 |c G VI 124 |m p |9 00 | ||
| LOK | |0 935 |a k110 | ||
| LOK | |0 936ln |a 8.6.1 | ||
| LOK | |0 938 |k p | ||
| LOK | |0 939 |a 17-06-93 |b l01 | ||
| ORI | |a SA-MARC-krimdoka001.raw | ||
| SIG | |a IFK: G VI 124 | ||
| TIM | |a 100019490523_100019901002 |b 1949-05-23 - 1990-10-02 | ||
